000
00298nam a22001337a 4500
008
181024b xxu||||| |||| 00| 0 eng d
020
_a
9780079043856
041
_a
eng
080
_a
540
100
_a
12
101
_a
KIM
245
_a
Chemistry Matter & Change
_c
Mc Graw Hill
942
_2
udc
_c
BK
999
_c
50807
_d
50807